| 000 | 00000nam##2200000za#4500 |
| 001 | 9.691249 |
| 003 | CaOODSP |
| 005 | 20210624232703 |
| 007 | cr ||||||||||| |
| 008 | 150407|2008||||xxc|||||o f|0| 0 eng|d |
| 020 | |a978-1-100-10266-5 |
| 040 | |aCaOODSP|beng |
| 043 | |an-cn--- |
| 086 | 1 |aFo144-5/2-2008E-PDF |
| 110 | 1 |aCanada.|bNatural Resources Canada. |bEarth Sciences Sector. |
| 245 | 10|aFrom bugs to rocks : |h[electronic resource]|bgeoscience for mountain pine beetle response |
| 260 | |aVictoria - British Columbia : |bNatural Resources Canada. |c[2008]. |
| 300 | |a2p.|bcoloured figs., photographs |
| 500 | |aThe catalogue number (Fo144-5/2-2008E) and ISBN (978-1-100-10265-8) for the print edition have been incorrectly copied in this electronic publication. |
| 590 | |a12-25-Supp|b2012-06-04 |
| 690 | 07|aForest management|2gcpds |
| 775 | 08|tDes insectes aux roches : |w(CaOODSP)9.635582 |
| 776 | 0#|tFrom bugs to rocks : |w(CaOODSP)9.651284 |
| 856 | 40|ahttp://publications.gc.ca|qPDF|s427 KB|uhttps://publications.gc.ca/collections/collection_2012/rncan-nrcan/Fo144-5-2-2008-eng.pdf |